Echelle de mots : de la Terre à la Lune - Statistiques

Statistiques générales
  • Ce quiz a été pris 139 366 fois
    139 179 depuis la dernière actualisation
  • Le résultat moyen est 17 sur 35
Statistiques - réponses
Indice Réponse % Correct
Planète bleue Terre
99%
Notre satellite naturel Lune
72%
Langue morte Latin
68%
Début de la journée Matin
68%
Colline de sable Dune
64%
Pied de rapace Serre
63%
Il en existe un Nord et un Sud Pôle
62%
Celle du katana est courbe Lame
61%
Roche en fusion Lave
60%
Oiseau voleur (enlever 1 lettre) Pie
60%
Pagaie Rame
59%
Première femme Ève
57%
Maman (ajouter 1 lettre) Mère
57%
Elle ne s’est pas faite en un jour Rome
56%
Opposé de face Pile
55%
Salut romain Ave
52%
Sévère Dure
52%
Période géologique Ere
49%
Déclarer Dire
48%
Nourrit avec excès Gave
48%
Farfadet Lutin
48%
Avoir le beau ___ Rôle
48%
Joyeuse Gaie
46%
Petit plan d'eau Mare
46%
Profit Gain
45%
Combinaison au poker (enlever 1 lettre) Main
45%
100 mètres carrés Are
39%
Plus mal Pire
38%
Evite un coup Pare
35%
Prise de guerre Butin
34%
Herbage Pré
31%
Suite ordonnée Série
28%
Ciseau pour graver Burin
25%
Couteau en argot Surin
16%
Petit passereau Serin
15%
Aucun quiz correspondant
Distribution des résultats
% des personnes avec chaque résultat
Percentile par nombre de réponses
Votre historique - résultats
Vous n’avez pas pris ce quiz depuis la dernière actualisation